000 00310nam a2200133Ia 4500
008 191201s2011 xx 000 0 und d
020 _a9789380298399
100 _aDIXIT, JB
245 0 _aProgramming in C
260 _aN. delhi
_bFirewall Media
_c2011
300 _a619
650 _aMCA
942 _2ddc
_cBK
_021
999 _c6220
_d6220